| 000 | 00000nam##2200000za#4500 |
| 001 | 9.658403 |
| 003 | CaOODSP |
| 005 | 20200330144330 |
| 007 | ta |
| 008 | 150407|1996||||xxc||||| f|0| 0 eng|d |
| 020 | |a0-662-62326-6 |
| 040 | |aCaOODSP|beng |
| 041 | |aeng |
| 041 | |afre |
| 043 | |an-cn--- |
| 086 | 1 |aA22-164/1996 |
| 110 | 1 |aCanada. |bAgriculture and Agri-Food Canada. |
| 245 | 10|aScience and technology for the new century : |bAgriculture and Agri-Food Canada's action plan |
| 260 | |aOttawa - Ontario : |bAgriculture and Agri-Food Canada |c1996. |
| 300 | |aEnglish text, 8p. : |bgraphs ; |c28 cm. |
| 546 | |aBilingual |
| 563 | |aSoftcover |
| 590 | |a96-16|b1996-04-19 |
| 690 | 07|aAgricultural policy|2gcpds |
| 776 | 0#|tLes sciences et la technologie à l'aube du XXe siècle : |w(CaOODSP)9.644269 |
| 776 | 0#|tScience and technology for the new century : |w(CaOODSP)9.700372 |
| 792 | |tLes sciences et la technologie à l'aube du XXe siècle : |efre|w(CaOODSP)9.658404 |
| 986 | |aPublication 1919/B |